Score 0/24 Timer 05:00
3 Plays Today
% Correct
Charlie Chaplin
94.9%
Louis Armstrong
94%
Charles Lindbergh
90.7%
Lou Gehrig
87.3%
Fats Waller
84.6%
Babe Ruth
81.4%
George Gershwin
79.3%
Josephine Baker
77.7%
Jack Dempsey
77.3%
F. Scott Fitzgerald
76.6%
Bobby Jones
72.7%
Bessie Smith
72%
% Correct
Will Rogers
68.8%
Red Grange
67.5%
Buster Keaton
66.8%
Coco Chanel
65.7%
Louise Brooks
61.8%
Paavo Nurmi
61%
Lon Chaney
59.9%
Douglas Fairbanks
59.7%
Suzanne Lenglen
56.2%
Gertrude Ederle
51.9%
Clara Bow
45.4%
Zelda Fitzgerald
44.7%
Remove Ads.
Support Sporcle.
Get the best of Sporcle when you Go Orange. This ad-free experience offers more features, more stats, and more fun while also helping to support Sporcle. Thank you for becoming a member.

You're not logged in!

Compare scores with friends on all Sporcle quizzes.
OR
Log In

Sporcle TV

Today on Sporcle TV


Watch our educational content, quiz creation guides, and fun videos on Sporcle TV.

Show Comments

Extras

Top Quizzes Today


Score Distribution

Paid Content

Your Account Isn't Verified!

In order to create a playlist on Sporcle, you need to verify the email address you used during registration. Go to your Sporcle Settings to finish the process.

Report this User

Report this user for behavior that violates our Community Guidelines.

Details: